[Event "SV Wattenscheid 2 - Oberhausener SV 2"]
[Site "Regionalliga 2018/2019"]
[Date "2019.05.19"]
[Round "10.4"]
[White "Koehn, Peter"]
[Black "Groß, Thomas"]
[Result "1-0"]
[WhiteElo "2137"]
[BlackElo "1994"]
[PlyCount "73"]
[EventDate "2019.??.??"]

1. e4 c6 2. d4 d5 3. exd5 cxd5 4. c4 Nf6 5. Nc3 Nc6 6. Nf3 Be6 7. Bg5 Ne4 8.
Nxe4 dxe4 9. d5 exf3 10. dxe6 Qxd1+ 11. Rxd1 fxe6 12. gxf3 g6 13. Bh3 Bg7 14.
b3 Nd4 15. Be3 e5 16. Bxd4 exd4 17. Be6 Rf8 18. Ke2 Rf4 19. Bd5 O-O-O 20. h4
Kc7 21. h5 g5 22. h6 Be5 23. Rdg1 Bf6 24. Be4 Rh4 25. f4 Rxf4 26. Bxh7 g4 27.
Rh5 e5 28. Rg3 e4 29. Rf5 d3+ 30. Kd1 Rxf5 31. Bxf5 Bh4 32. Rxg4 Bxf2 33. Bxe4
Be3 34. Rg7+ Kb6 35. Rxb7+ Ka6 36. Rb5 Bb6 37. h7 1-0

[Event "SV Wattenscheid 2 - Oberhausener SV 2"]
[Site "Regionalliga 2018/2019"]
[Date "2019.05.19"]
[Round "10.5"]
[White "Stefaniak, Christian"]
[Black "Lang, Daniel"]
[Result "1/2-1/2"]
[WhiteElo "1899"]
[BlackElo "2078"]
[PlyCount "117"]
[EventDate "2019.??.??"]

1. e4 e5 2. Nf3 Nc6 3. d4 exd4 4. Nxd4 Qh4 5. Nc3 Bb4 6. Ndb5 Nf6 7. Be2 Nxe4
8. O-O Ba5 9. Nxe4 Qxe4 10. Bd3 Qe5 11. c3 O-O 12. Re1 Qf6 13. Be3 a6 14. Nd4
Bb6 15. Qc2 h6 16. Nf5 Bxe3 17. Rxe3 d6 18. Rae1 Ne5 19. Nd4 Nxd3 20. Qxd3 Bd7
21. h3 Rfe8 22. Rxe8+ Rxe8 23. Rxe8+ Bxe8 24. Qe4 Qe5 25. Qxb7 Qe1+ 26. Kh2 c5
27. Nf3 Qxf2 28. Qb8 Qe3 29. Qxd6 Bb5 30. Qd8+ Kh7 31. Qd2 Qe6 32. a3 Bc6 33.
Qf2 Qf6 34. Qc2+ g6 35. Qe2 Kg7 36. Ne1 Qf4+ 37. Kg1 Bb5 38. Qf2 Qe4 39. Kh2
Bc6 40. Kg1 Bd5 41. Kh2 f5 42. Nf3 Qf4+ 43. Qg3 Qxg3+ 44. Kxg3 Kf6 45. b4 g5
46. Nd2 Ke5 47. Kf2 h5 48. c4 Bc6 49. Nb3 cxb4 50. axb4 h4 51. Nc5 Kd4 52. Nxa6
Kxc4 53. Nc7 Bd7 54. Na6 Bc8 55. Nc7 Bd7 56. Na6 Bc8 57. Nc7 g4 58. hxg4 fxg4
59. Ke2 1/2-1/2

[Event "SV Wattenscheid 2 - Oberhausener SV 2"]
[Site "Regionalliga 2018/2019"]
[Date "2019.05.19"]
[Round "10.6"]
[White "Gohla, Ulf"]
[Black "Seibert, Michael"]
[Result "1-0"]
[WhiteElo "2204"]
[BlackElo "1936"]
[PlyCount "71"]
[EventDate "2019.??.??"]

1. d4 g6 2. c4 Bg7 3. Nc3 c5 4. d5 Bxc3+ 5. bxc3 f5 6. e4 fxe4 7. f3 Qa5 8. Qc2
d6 9. fxe4 e5 10. Bd3 Nd7 11. Nf3 Nb6 12. O-O h6 13. Nh4 Ne7 14. Qf2 Qxc3 15.
Nxg6 Nxg6 16. Qf7+ Kd8 17. Qxg6 Qd4+ 18. Kh1 Kc7 19. Bxh6 Qxd3 20. Bf8 Rxf8 21.
Rxf8 Bd7 22. Rxa8 Nxa8 23. h4 Qd4 24. Rc1 Qe3 25. Rf1 Qe2 26. Kg1 Nb6 27. Qg5
Nxc4 28. Rf8 Qe3+ 29. Kh2 Qxg5 30. hxg5 Ne3 31. g6 c4 32. g7 Ng4+ 33. Kg3 Nh6
34. Rh8 c3 35. Rxh6 c2 36. Rh1 1-0

[Event "SV Wattenscheid 2 - Oberhausener SV 2"]
[Site "Regionalliga 2018/2019"]
[Date "2019.05.19"]
[Round "10.7"]
[White "Hombrecher, Kai"]
[Black "Schlange, Stefan"]
[Result "0-1"]
[WhiteElo "1772"]
[BlackElo "2070"]
[PlyCount "50"]
[EventDate "2019.??.??"]

1. e4 e5 2. Nf3 Nc6 3. d4 exd4 4. Nxd4 Qh4 5. Nc3 Bb4 6. Be3 Qxe4 7. Ndb5 Qe5
8. Be2 a6 9. Nd4 Nf6 10. O-O d5 11. Re1 O-O 12. Bd3 Re8 13. Qd2 Bd7 14. Nxc6
Bxc6 15. Bf4 Qh5 16. Be2 Qg6 17. Bf3 Ba5 18. Bg3 Ne4 19. Bxe4 dxe4 20. Rad1 f5
21. Qf4 Qf7 22. a3 h6 23. h3 g5 24. Qc1 f4 25. Bh2 Qf5 0-1

[Event "SV Wattenscheid 2 - Oberhausener SV 2"]
[Site "Regionalliga 2018/2019"]
[Date "2019.05.19"]
[Round "10.8"]
[White "Schwebel, Markus"]
[Black "Demircan, Baris"]
[Result "1-0"]
[WhiteElo "1957"]
[BlackElo "1816"]
[PlyCount "77"]
[EventDate "2019.??.??"]

1. e4 d5 2. exd5 Nf6 3. d4 Qxd5 4. Nf3 Bg4 5. Be2 Nc6 6. c4 Qf5 7. Nc3 O-O-O 8.
Be3 e6 9. O-O h6 10. Qa4 g5 11. Rfd1 Qa5 12. Qc2 Bf5 13. Qc1 Bb4 14. Nb5 g4 15.
Ne5 Nxe5 16. dxe5 Ne4 17. a3 Bd2 18. Rxd2 Nxd2 19. b4 Nb3 20. bxa5 Nxc1 21.
Nxa7+ Kb8 22. Rxc1 Be4 23. Nb5 h5 24. Nd4 Rd7 25. f3 gxf3 26. gxf3 Bg6 27. c5
Rhd8 28. Rc4 c6 29. a6 Kc7 30. Rb4 bxa6 31. Bxa6 Ra8 32. Rb7+ Kd8 33. Rb6 Ke7
34. Kf2 Kf8 35. Nxc6 Kg7 36. Nb4 Rc7 37. c6 Rca7 38. Bb7 Rb8 39. Na6 1-0

[Event "SF Essen-Katernberg  2 - SV Wattenschei"]
[Site "Regionalliga 2018/2019"]
[Date "2019.06.02"]
[Round "11.1"]
[White "Schroeder, Wilfried"]
[Black "Bee, Marcus"]
[Result "1/2-1/2"]
[WhiteElo "2176"]
[BlackElo "2156"]
[PlyCount "92"]
[EventDate "2019.??.??"]

1. d4 d6 2. g3 g6 3. Bg2 Bg7 4. Nf3 e5 5. Nc3 exd4 6. Nxd4 Ne7 7. Bg5 h6 8. Be3
O-O 9. Qd2 Bxd4 10. Bxd4 Nf5 11. Nd5 Nxd4 12. Qxd4 Nd7 13. Bh3 c6 14. Bxd7 Qa5+
15. c3 cxd5 16. Bxc8 Raxc8 17. O-O Rc4 18. Qd3 Qc5 19. Rfd1 d4 20. cxd4 Qc6 21.
Rd2 d5 22. Rad1 Rc8 23. e3 h5 24. h4 a6 25. Re2 Re8 26. Rdd2 Rc8 27. e4 dxe4
28. Qxe4 Rd8 29. Qxc6 bxc6 30. Kg2 Rcxd4 31. Rxd4 Rxd4 32. Rc2 Rb4 33. Rxc6 a5
34. Rc2 Kg7 35. Kf3 Kf6 36. b3 Rb5 37. Rc6+ Kf5 38. Ra6 f6 39. Kg2 Ke5 40. f4+
Kf5 41. Kh3 Rd5 42. Rc6 Rd2 43. a4 Rd3 44. Rb6 Rc3 45. b4 axb4 46. Rxb4 Ra3
1/2-1/2

[Event "SF Essen-Katernberg  2 - SV Wattenschei"]
[Site "Regionalliga 2018/2019"]
[Date "2019.06.02"]
[Round "11.2"]
[White "Villwock, Martin"]
[Black "Schlehoefer, Ralf"]
[Result "1-0"]
[WhiteElo "2162"]
[BlackElo "2194"]
[PlyCount "93"]
[EventDate "2019.??.??"]

1. d4 Nf6 2. c4 g6 3. Nc3 Bg7 4. e4 d6 5. h3 Nc6 6. Nf3 e5 7. d5 Ne7 8. Be3 Nh5
9. g3 f5 10. exf5 gxf5 11. Nxe5 Nxg3 12. Nf7 Kxf7 13. fxg3 Be5 14. Qh5+ Ng6 15.
O-O-O Bxg3 16. Bd4 Be5 17. Bxe5 dxe5 18. h4 Kg7 19. c5 Qf6 20. Rg1 Bd7 21. Bc4
Rhf8 22. d6 c6 23. Rdf1 Kh8 24. Qh6 Rf7 25. Bxf7 Qxf7 26. h5 Nf4 27. Rxf4 exf4
28. Qxf4 Qf6 29. h6 Rg8 30. Rxg8+ Kxg8 31. Ne4 Qg6 32. Nf2 Qf6 33. Nd3 Kf8 34.
Kc2 Be6 35. Ne5 Ke8 36. b3 Bd5 37. Kd2 b6 38. b4 bxc5 39. bxc5 Bxa2 40. Kc2 Bd5
41. Kc3 Qe6 42. Kb4 Qf6 43. Ka5 Qd8+ 44. Ka6 Qc8+ 45. Kxa7 Qd8 46. d7+ Kf8 47.
Qxf5+ 1-0

[Event "SF Essen-Katernberg  2 - SV Wattenschei"]
[Site "Regionalliga 2018/2019"]
[Date "2019.06.02"]
[Round "11.3"]
[White "Koehn, Peter"]
[Black "Heldt, Maximilian"]
[Result "1/2-1/2"]
[WhiteElo "2137"]
[BlackElo "2084"]
[PlyCount "76"]
[EventDate "2019.??.??"]

1. b3 e5 2. Bb2 Nc6 3. c4 Nf6 4. e3 d5 5. cxd5 Nxd5 6. a3 Bd6 7. Qc2 O-O 8. Nf3
Re8 9. Bd3 h6 10. O-O Bg4 11. Be4 Nf6 12. Bxc6 bxc6 13. d3 e4 14. dxe4 Nxe4 15.
Nbd2 Nxd2 16. Nxd2 Re6 17. Rae1 Rg6 18. f4 Rb8 19. Nc4 Qd7 20. b4 Re8 21. Rf2
Be6 22. Nxd6 cxd6 23. f5 Rg5 24. fxe6 Rxe6 25. Qc4 Reg6 26. Ref1 d5 27. Qf4 Qh3
28. Qb8+ Kh7 29. g3 Rxg3+ 30. hxg3 Rxg3+ 31. Qxg3 Qxg3+ 32. Rg2 Qxe3+ 33. Kh2
d4 34. Rxf7 Qe5+ 35. Kg1 Qe1+ 36. Rf1 Qe3+ 37. Rff2 h5 38. Rh2 Qe1+ 1/2-1/2

[Event "SF Essen-Katernberg  2 - SV Wattenschei"]
[Site "Regionalliga 2018/2019"]
[Date "2019.06.02"]
[Round "11.4"]
[White "Dette, Jan"]
[Black "Gohla, Ulf"]
[Result "0-1"]
[WhiteElo "2073"]
[BlackElo "2204"]
[PlyCount "102"]
[EventDate "2019.??.??"]

1. e4 e5 2. Nf3 Nc6 3. d4 exd4 4. Bc4 Nf6 5. O-O Nxe4 6. Re1 d5 7. Bxd5 Qxd5 8.
Nc3 Qa5 9. Nxe4 Be6 10. Neg5 O-O-O 11. Nxe6 fxe6 12. Rxe6 Bd6 13. Bg5 Rde8 14.
Qe1 Qxe1+ 15. Raxe1 Rxe6 16. Rxe6 Kd7 17. Re4 Re8 18. Rxe8 Kxe8 19. Kf1 Kf7 20.
Bd2 h6 21. Ke2 Ke6 22. Kd3 Kd5 23. Nxd4 Ne5+ 24. Kc3 Ng4 25. f4 Nxh2 26. Kd3
Bf8 27. c4+ Kd6 28. Bb4+ c5 29. Bxc5+ Kxc5 30. Ne6+ Kd6 31. Nxf8 Ng4 32. Kd4
Nf6 33. f5 Nh5 34. Ng6 Ng3 35. c5+ Kc6 36. Nh4 Ne2+ 37. Kc4 h5 38. Nf3 Kd7 39.
Nd4 Nf4 40. g3 Ng2 41. Kd3 Ke7 42. b4 h4 43. gxh4 Nxh4 44. b5 g6 45. Nc6+ bxc6
46. f6+ Kxf6 47. b6 axb6 48. cxb6 Nf3 49. Kc4 Ke6 50. b7 Ne5+ 51. Kc5 g5 0-1

[Event "SF Essen-Katernberg  2 - SV Wattenschei"]
[Site "Regionalliga 2018/2019"]
[Date "2019.06.02"]
[Round "11.5"]
[White "Schwebel, Markus"]
[Black "Dahm, Bernd"]
[Result "1/2-1/2"]
[WhiteElo "1957"]
[BlackElo "2089"]
[PlyCount "39"]
[EventDate "2019.??.??"]

1. e4 e6 2. d4 d5 3. exd5 exd5 4. Nf3 Bd6 5. Bd3 Ne7 6. O-O Bg4 7. Re1 Nbc6 8.
c3 Qd7 9. b4 O-O 10. b5 Nd8 11. Nbd2 Bf5 12. Bf1 c6 13. c4 cxb5 14. cxb5 Ne6
15. Qb3 Rfc8 16. Ba3 Bc2 17. Qb2 Nf5 18. Bxd6 Nxd6 19. Rac1 Bf5 20. Ne5 1/2-1/2

[Event "SF Essen-Katernberg  2 - SV Wattenschei"]
[Site "Regionalliga 2018/2019"]
[Date "2019.06.02"]
[Round "11.6"]
[White "Gorainow, Nikita"]
[Black "Schmedders, Hans-Gerd"]
[Result "0-1"]
[WhiteElo "1950"]
[BlackElo "2050"]
[PlyCount "68"]
[EventDate "2019.??.??"]

1. e4 e5 2. Nf3 d6 3. d4 Nd7 4. Nc3 Ngf6 5. Bc4 h6 6. O-O Be7 7. h3 c6 8. a4 a5
9. Be3 Qc7 10. Qd2 g5 11. dxe5 dxe5 12. h4 gxh4 13. Nxh4 Nc5 14. Bxc5 Bxc5 15.
Nf5 Be6 16. Qe2 O-O-O 17. Rad1 Rdg8 18. Bxe6+ fxe6 19. Qc4 exf5 20. Qxc5 f4 21.
Qd6 Rg6 22. Qxc7+ Kxc7 23. f3 Rhg8 24. Rd2 Nd7 25. Rfd1 Nc5 26. b3 Ne6 27. Nb1
Nd4 28. Kf1 h5 29. c3 Nxb3 30. Rd7+ Kc8 31. g4 hxg4 32. Rh7 Nc5 33. Nd2 Rd8 34.
fxg4 Rxg4 0-1

[Event "SF Essen-Katernberg  2 - SV Wattenschei"]
[Site "Regionalliga 2018/2019"]
[Date "2019.06.02"]
[Round "11.7"]
[White "Voß, Wieland"]
[Black "Schimnatkowski, Lukas"]
[Result "1/2-1/2"]
[WhiteElo "2115"]
[BlackElo "2116"]
[PlyCount "101"]
[EventDate "2019.??.??"]

1. e4 c5 2. Nc3 a6 3. g3 Nc6 4. Bg2 g6 5. d3 Bg7 6. Be3 d6 7. Qd2 e5 8. Nge2
Nge7 9. Bh6 O-O 10. h4 f6 11. Bxg7 Kxg7 12. h5 g5 13. h6+ Kh8 14. O-O-O Qa5 15.
Kb1 Be6 16. f4 g4 17. Nc1 Nd4 18. Rdf1 Nec6 19. Qd1 b5 20. Nd5 c4 21. c3 Nf3
22. Bxf3 gxf3 23. Qxf3 cxd3 24. Qxd3 Rab8 25. fxe5 Nxe5 26. Qd4 Qd8 27. Rf2 a5
28. Rhf1 b4 29. Nxf6 bxc3 30. Qxc3 Rc8 31. Qe1 Qc7 32. Qd2 Qc5 33. Nb3 Bxb3 34.
axb3 Qb5 35. Qd5 Qxd5 36. Nxd5 Rxf2 37. Rxf2 Ng4 38. Rf7 Nxh6 39. Rd7 Ng4 40.
Rxd6 Re8 41. Nc3 Nf2 42. Rd4 Kg7 43. b4 axb4 44. Rxb4 Kf6 45. e5+ Ke6 46. Kc2
Rg8 47. Rh4 Rxg3 48. Rxh7 Nd3 49. Ne2 Nb4+ 50. Kd2 Rd3+ 51. Ke1 1/2-1/2

[Event "SF Essen-Katernberg  2 - SV Wattenschei"]
[Site "Regionalliga 2018/2019"]
[Date "2019.06.02"]
[Round "11.8"]
[White "Kudelka, Josua"]
[Black "Wolf, Ulrich"]
[Result "0-1"]
[WhiteElo "1965"]
[BlackElo "2026"]
[PlyCount "78"]
[EventDate "2019.??.??"]

1. e4 c5 2. Nf3 e6 3. d4 cxd4 4. Nxd4 a6 5. c4 Qc7 6. Be2 b6 7. Nc3 Bb7 8. O-O
Nf6 9. Bd3 d6 10. Be3 Nbd7 11. f3 Rc8 12. Rc1 Be7 13. b3 O-O 14. Bb1 Qb8 15.
Qe1 Rfe8 16. Qg3 Bf8 17. Qh3 g6 18. Bg5 Bg7 19. Rcd1 b5 20. f4 b4 21. e5 dxe5
22. fxe5 Qxe5 23. Bxf6 Nxf6 24. Na4 Rcd8 25. Nf3 Qe3+ 26. Kh1 Rxd1 27. Rxd1 Bc6
28. Qg3 Bxa4 29. bxa4 Qc5 30. Qf4 e5 31. Qh4 e4 32. Nd2 e3 33. Nb3 e2 34. Re1
Qe3 35. Qd4 Qe7 36. Kg1 Nh5 37. Qd3 Be5 38. Nd2 Qa7+ 39. Kh1 Qf2 0-1

[Event "SV Eichlinghofen 1 - SV Welper 1"]
[Site "Regionalliga 2018/2019"]
[Date "2019.06.02"]
[Round "11.1"]
[White "Fuellgrabe, Thomas"]
[Black "Watzlawek, Markus"]
[Result "1-0"]
[WhiteElo "2232"]
[BlackElo "2107"]
[PlyCount "73"]
[EventDate "2019.??.??"]

1. e4 c5 2. Nf3 d6 3. Bb5+ Bd7 4. Bxd7+ Qxd7 5. O-O Nf6 6. Qe2 Nc6 7. Rd1 Rc8
8. c3 e6 9. d4 cxd4 10. Bg5 Be7 11. cxd4 O-O 12. Nc3 d5 13. Ne5 Qd8 14. Bxf6
Bxf6 15. exd5 exd5 16. Qb5 Bxe5 17. dxe5 d4 18. Qxb7 Qh4 19. Nd5 Qd8 20. Nf4
Rc7 21. Qb5 a6 22. Qxa6 Nxe5 23. Nd3 Nc4 24. Rac1 Nd6 25. Rxc7 Qxc7 26. Qa4 Nf5
27. Qb5 g6 28. Rc1 Qe7 29. Qe5 Qb7 30. a4 Qb3 31. Nc5 Qxb2 32. Re1 f6 33. Qd5+
Rf7 34. Ne6 h5 35. Nd8 Nh6 36. Nxf7 Nxf7 37. Rd1 1-0

[Event "SV Eichlinghofen 1 - SV Welper 1"]
[Site "Regionalliga 2018/2019"]
[Date "2019.06.02"]
[Round "11.2"]
[White "Schuette, Tobias"]
[Black "Kemna, Guido"]
[Result "1/2-1/2"]
[WhiteElo "2035"]
[BlackElo "2138"]
[PlyCount "39"]
[EventDate "2019.??.??"]

1. e4 c6 2. d4 d5 3. Nc3 dxe4 4. Nxe4 Nf6 5. Nxf6+ gxf6 6. Bc4 Bf5 7. Be3 e6 8.
Qd2 Qc7 9. Ne2 Nd7 10. Ng3 Bg6 11. Bb3 a5 12. a3 a4 13. Ba2 Bd6 14. c4 Qa5 15.
Rc1 f5 16. f4 Nf6 17. Qxa5 Rxa5 18. O-O O-O 19. Bd2 Raa8 20. Bb4 1/2-1/2

[Event "SV Eichlinghofen 1 - SV Welper 1"]
[Site "Regionalliga 2018/2019"]
[Date "2019.06.02"]
[Round "11.3"]
[White "Linde, Wolfgang"]
[Black "Brockmann, Michael"]
[Result "0-1"]
[WhiteElo "2125"]
[BlackElo "2005"]
[PlyCount "60"]
[EventDate "2019.??.??"]

1. e4 c5 2. c3 d5 3. exd5 Qxd5 4. d4 Nc6 5. Nf3 Bg4 6. Be2 e6 7. h3 Bh5 8. c4
Qd7 9. g4 Bg6 10. d5 exd5 11. cxd5 Nb4 12. O-O O-O-O 13. Nc3 Nxd5 14. Nxd5 Qxd5
15. Qa4 Qe4 16. Qb5 a6 17. Qb6 Nf6 18. Be3 Nd5 19. Qb3 Nxe3 20. fxe3 Bd6 21.
Rac1 Rhe8 22. Rc3 Re7 23. Rd1 f6 24. Qb6 Red7 25. Rd4 Qe6 26. Rb4 Rc7 27. Bc4
Qe4 28. Qa7 cxb4 29. Nd2 Qe5 30. Nf3 Qg3+ 0-1

[Event "SV Eichlinghofen 1 - SV Welper 1"]
[Site "Regionalliga 2018/2019"]
[Date "2019.06.02"]
[Round "11.4"]
[White "Wloka, Sebastian"]
[Black "Adiyaman, Rene"]
[Result "1-0"]
[WhiteElo "1879"]
[BlackElo "2156"]
[PlyCount "47"]
[EventDate "2019.??.??"]

1. d4 Nf6 2. Bg5 e6 3. e4 c5 4. d5 d6 5. Nc3 Be7 6. Bb5+ Bd7 7. dxe6 Bxb5 8.
exf7+ Kf8 9. Nxb5 Nxe4 10. Bxe7+ Qxe7 11. Qe2 Nc6 12. O-O-O a6 13. Nc7 Qxc7 14.
Qxe4 Qxf7 15. Nh3 Qxa2 16. Rxd6 Nd4 17. Re1 Kg8 18. Qe7 Rf8 19. Ng5 Qa1+ 20.
Kd2 Qa5+ 21. Kc1 h6 22. Qxg7+ Kxg7 23. Re7+ Kg8 24. Rg6# 1-0

[Event "SV Eichlinghofen 1 - SV Welper 1"]
[Site "Regionalliga 2018/2019"]
[Date "2019.06.02"]
[Round "11.5"]
[White "Schaller, Fabian"]
[Black "Dekhtyaryuk, Dimitri"]
[Result "1-0"]
[WhiteElo "1989"]
[BlackElo "1849"]
[Annotator "Daniel"]
[PlyCount "127"]
[EventDate "2019.??.??"]

1. Nf3 Nf6 2. b3 g6 3. Bb2 Bg7 4. g3 c5 5. Bg2 Nc6 6. O-O b6 7. d4 d5 8. c4 Bb7
9. dxc5 dxc4 10. Qxd8+ Rxd8 11. cxb6 cxb3 12. bxa7 Nxa7 13. axb3 Nb5 14. Ra5
Nd6 15. Ba1 O-O 16. Nc3 Rb8 17. Rb1 Bc8 18. Nd4 Bf5 19. Nxf5 Nxf5 20. e3 Rfd8
21. b4 Nd6 22. b5 Nc4 23. Ra7 Nd2 24. Rb4 Bf8 25. b6 e6 26. Rb5 Nd7 27. b7 Nc4
28. Ne4 e5 29. Rd5 Ncb6 30. Rxe5 f5 31. Ng5 Nxe5 32. Bxe5 Bd6 33. Bd4 Nd7 $11
34. Bd5+ Kf8 35. Ne6+ Ke7 36. Nxd8 Kxd8 37. Ra8 Kc7 38. Ba7 Rd8 39. Be6 Nb8 40.
Rxb8 Rxb8 41. Bxb8+ Kxb8 42. Bg8 h6 43. Bh7 g5 44. Bxf5 Kxb7 45. Kg2 Kc6 46.
Kf3 Kd5 47. Kg4 Ke5 48. e4 Kf6 49. h4 Bc5 50. f4 gxf4 51. gxf4 Kg7 52. Bc8 Be7
53. h5 Kf6 54. e5+ Kg7 55. Kf5 Kf7 56. Be6+ Kg7 57. Bc4 Bh4 58. Ke6 Bd8 59. f5
Bg5 60. f6+ Kf8 61. Kf5 Bd2 62. e6 Bb4 63. Kg6 Bd2 64. e7+ 1-0

[Event "SV Eichlinghofen 1 - SV Welper 1"]
[Site "Regionalliga 2018/2019"]
[Date "2019.06.02"]
[Round "11.6"]
[White "Gitschel, Ralf"]
[Black "Schaller, Torsten"]
[Result "1/2-1/2"]
[WhiteElo "1878"]
[BlackElo "1997"]
[Annotator "Daniel"]
[PlyCount "87"]
[EventDate "2019.??.??"]

1. e4 c5 2. Nf3 e6 3. d4 cxd4 4. Nxd4 Nc6 5. Nxc6 bxc6 6. Bd3 d5 7. O-O Nf6 8.
Bg5 Be7 9. Nd2 Qc7 10. exd5 cxd5 11. Re1 h6 12. Bb5+ $11 Bd7 13. Bxd7+ Qxd7 14.
Bf4 Rc8 15. c3 O-O 16. Nf3 Bd6 17. Ne5 Qc7 18. Bg3 Ne4 19. Nf3 Bxg3 20. hxg3
Qb6 21. Qc2 Rb8 22. Rab1 Rfc8 23. g4 a5 24. Ne5 Rc7 25. Nd3 Nf6 26. Qd1 Rcb7
27. Qa4 Ne4 28. Qc2 Qa7 29. Kh1 Qb6 30. g3 Qb5 31. Kg2 Qc4 32. f3 Nc5 33. Nxc5
Qxc5 34. Re2 Qc4 35. b3 Qc5 36. Qd3 Rc7 37. Rc2 Rbc8 38. Rh1 Qe7 39. f4 f6 40.
Re1 Qd7 41. Qa6 Rxc3 42. Rxc3 Rxc3 43. Rxe6 d4 44. Qa8+ 1/2-1/2

[Event "SV Eichlinghofen 1 - SV Welper 1"]
[Site "Regionalliga 2018/2019"]
[Date "2019.06.02"]
[Round "11.7"]
[White "Leimkuehler, Dirk"]
[Black "Zachos, Ingo"]
[Result "1-0"]
[WhiteElo "1859"]
[BlackElo "1974"]
[Annotator "Daniel"]
[PlyCount "47"]
[EventDate "2019.??.??"]

1. f4 Nf6 2. Nf3 d5 3. g3 g6 4. Bg2 Bg7 5. d3 O-O 6. Nc3 d4 7. Ne4 Nxe4 8. dxe4
c5 9. O-O Nc6 10. Rb1 e5 11. e3 exf4 12. exf4 Re8 13. Re1 Rb8 14. a3 a5 15. h3
a4 16. Qd3 b5 17. g4 b4 18. Bd2 Qb6 19. e5 Ba6 20. Qe4 Bb7 21. Qe2 Ba6 $11 22.
Qf2 Rbd8 23. Ng5 b3 24. Be4 1-0

[Event "SV Eichlinghofen 1 - SV Welper 1"]
[Site "Regionalliga 2018/2019"]
[Date "2019.06.02"]
[Round "11.8"]
[White "Witthaus, Martin"]
[Black "Hoettler, Alexander Walter"]
[Result "1/2-1/2"]
[WhiteElo "1755"]
[BlackElo "1758"]
[Annotator "Daniel"]
[PlyCount "49"]
[EventDate "2019.??.??"]

1. d4 Nf6 2. c4 c5 3. Nf3 cxd4 4. Qxd4 Nc6 5. Qd1 e6 6. Nc3 Bb4 7. Bd2 O-O 8.
e3 d5 9. Be2 Re8 10. O-O dxc4 11. Bxc4 $11 a6 12. a3 Bd6 13. Rc1 Qe7 14. e4 Ne5
15. Nxe5 Bxe5 16. Qe2 b5 17. Ba2 Bb7 18. f3 Red8 19. Be3 Qd6 20. g3 Qd3 21. Kf2
Rac8 22. Qxd3 Rxd3 23. Rfd1 Rxd1 24. Rxd1 h6 25. Bd4 1/2-1/2

[Event "SV Horst-Emscher 1 - SG Bochum 2"]
[Site "Regionalliga 2018/2019"]
[Date "2019.06.02"]
[Round "11.1"]
[White "Tkachuk, Konstantyn"]
[Black "Baerwolf, Steven"]
[Result "1-0"]
[WhiteElo "2266"]
[BlackElo "2104"]
[PlyCount "83"]
[EventDate "2019.??.??"]

1. e4 e6 2. d4 d5 3. exd5 exd5 4. Nf3 Bd6 5. c4 c6 6. Nc3 Nf6 7. c5 Bc7 8. Bd3
O-O 9. O-O Bg4 10. Bg5 Nbd7 11. h3 Bh5 12. Bf5 Re8 13. Qd3 Bg6 14. Nh4 Qe7 15.
Nxg6 hxg6 16. Bg4 Qf8 17. Bf3 Re6 18. Rfe1 Rae8 19. Re3 Nh7 20. Rxe6 Rxe6 21.
Bd2 Qe7 22. b4 Ndf6 23. b5 Ne4 24. Bxe4 dxe4 25. Qc4 e3 26. fxe3 Rxe3 27. d5
cxb5 28. Qd4 Rg3 29. d6 Qd7 30. Bf4 Rxc3 31. Qxc3 Bd8 32. Rc1 Nf6 33. c6 bxc6
34. Qxc6 Qf5 35. Be3 Nd5 36. Qe8+ Kh7 37. Qxd8 Nxe3 38. Qh4+ Kg8 39. Qd8+ Kh7
40. Qh4+ Kg8 41. g4 Qf3 42. Rc8# 1-0

[Event "SV Horst-Emscher 1 - SG Bochum 2"]
[Site "Regionalliga 2018/2019"]
[Date "2019.06.02"]
[Round "11.2"]
[White "Buschmann, Andreas"]
[Black "Dahm, Jochen"]
[Result "1/2-1/2"]
[WhiteElo "2028"]
[BlackElo "2204"]
[PlyCount "48"]
[EventDate "2019.??.??"]

1. d4 Nf6 2. c4 c5 3. d5 b5 4. Nd2 bxc4 5. e4 c3 6. bxc3 g6 7. Ngf3 Bg7 8. Bd3
O-O 9. O-O d6 10. Qc2 Ba6 11. Nb1 Qa5 12. Bb2 Bxd3 13. Qxd3 Nbd7 14. c4 Rab8
15. Bc3 Qa6 16. Nbd2 Nh5 17. Bxg7 Nxg7 18. Rfb1 e6 19. Rxb8 Rxb8 20. Rb1 Rxb1+
21. Qxb1 Nb6 22. h3 exd5 23. exd5 Nd7 24. Qb3 Ne8 1/2-1/2

[Event "SV Horst-Emscher 1 - SG Bochum 2"]
[Site "Regionalliga 2018/2019"]
[Date "2019.06.02"]
[Round "11.3"]
[White "Tkachuk, Sergij"]
[Black "Becker, Marco"]
[Result "1/2-1/2"]
[WhiteElo "2202"]
[BlackElo "1909"]
[Annotator "Daniel"]
[PlyCount "111"]
[EventDate "2019.??.??"]

1. e4 c6 2. d4 d5 3. e5 Bf5 4. g4 Bd7 5. c4 h5 6. gxh5 Bf5 7. Nc3 e6 8. Nge2
Bg4 9. Qb3 Qb6 10. Ng3 Qxb3 11. axb3 Bf3 12. Rg1 Bxh5 13. Nxh5 Rxh5 14. Rg2 Ne7
15. Be2 Rh4 16. Bg4 g6 17. Bg5 Rh7 18. Ke2 Bh6 $11 19. h4 Bxg5 20. hxg5 Nd7 21.
c5 a6 22. Kd3 O-O-O 23. Ne2 Rdh8 24. b4 Rh1 25. Rxh1 Rxh1 26. Rg3 Rh4 27. f3
Nf8 28. Rh3 Rxh3 29. Bxh3 Nh7 30. f4 Nf8 31. Nc3 Nd7 32. Nd1 Kc7 33. Ne3 Nf8
34. Ng4 Kd8 35. Nh6 Ke8 36. Ng4 Nd7 37. Nf6+ Kd8 38. Kc3 Nxf6 39. gxf6 Nc8 40.
Bf1 Kd7 $11 41. Bd3 Kd8 42. Kb3 Kd7 43. Ka4 Kd8 44. Ka5 Kd7 45. Ka4 Kd8 46. Kb3
Kd7 47. Kc3 Kd8 48. Kd2 Ke8 49. Ke3 Na7 50. Kf3 Kf8 51. Kg4 Nc8 52. Kg5 Na7 53.
Kh6 Kg8 54. b3 Nb5 55. Bxb5 axb5 56. Kg5 1/2-1/2

[Event "SV Horst-Emscher 1 - SG Bochum 2"]
[Site "Regionalliga 2018/2019"]
[Date "2019.06.02"]
[Round "11.4"]
[White "Goeldenboog, Juergen"]
[Black "Stricker, Florian"]
[Result "0-1"]
[WhiteElo "1940"]
[BlackElo "2055"]
[PlyCount "86"]
[EventDate "2019.??.??"]

1. d4 Nf6 2. c4 e6 3. Nf3 d5 4. cxd5 exd5 5. Nc3 c6 6. Bg5 Be7 7. e3 O-O 8. Bd3
Nbd7 9. O-O Re8 10. Rb1 Ne4 11. Bxe7 Qxe7 12. Qc2 Nf8 13. b4 Bf5 14. b5 Rac8
15. b6 a6 16. Na4 Ne6 17. Nd2 c5 18. Bxe4 Bxe4 19. Nxe4 cxd4 20. Qd3 dxe4 21.
Qxe4 Qd7 22. Nb2 Rc6 23. Nd3 Qd8 24. Ne5 Rxb6 25. Rxb6 Qxb6 26. Rb1 Qd6 27. Nc4
Qc5 28. Nd2 dxe3 29. Qxe3 b5 30. Qxc5 Nxc5 31. Kf1 Kf8 32. Nb3 Ne4 33. Rc1 b4
34. Rc4 a5 35. f3 Nc3 36. Nxa5 Nxa2 37. Rc2 Nc3 38. Nc6 Nd5 39. Rd2 Ne3+ 40.
Kf2 b3 41. Kg1 Rc8 42. Kf2 b2 43. Kxe3 b1=Q 0-1

[Event "SV Horst-Emscher 1 - SG Bochum 2"]
[Site "Regionalliga 2018/2019"]
[Date "2019.06.02"]
[Round "11.5"]
[White "Biermann, Lenhard"]
[Black "Arndt, Olaf"]
[Result "1-0"]
[WhiteElo "2072"]
[BlackElo "1882"]
[Annotator "Daniel"]
[PlyCount "95"]
[EventDate "2019.??.??"]

1. d4 f5 2. c4 e6 3. g3 d5 4. Bg2 c6 5. Nf3 Nf6 6. Nc3 Bb4 7. O-O O-O 8. Bf4 b6
9. Ne5 Bb7 10. Rc1 Nbd7 11. a3 Nxe5 12. Bxe5 Bd6 13. Bxd6 Qxd6 14. cxd5 exd5
15. b4 b5 $11 16. Qb3 a5 17. Ra1 a4 18. Qa2 Nd7 19. e4 fxe4 20. Nxe4 Qh6 21. f4
Rae8 22. Rae1 Nb6 23. Ng5 Qg6 24. Be4 Qf6 25. Bxh7+ Kh8 26. Qd2 Nc4 27. Qd3 Bc8
28. Kh1 Nd6 29. Re5 Nc4 30. Re2 Rxe2 31. Qxe2 g6 32. h4 Bf5 33. h5 Nd6 34. Bxg6
Bxg6 35. hxg6 Qxg6 36. Qe5+ Rf6 37. Kg2 Kg8 38. Re1 Nc4 39. Qb8+ Rf8 40. Qc7
Qc2+ 41. Kh3 Qf5+ 42. Kh4 Nd2 43. Qe5 Qxe5 44. dxe5 Nc4 45. e6 d4 46. e7 Re8
47. f5 Kg7 48. Re6 1-0

[Event "SV Horst-Emscher 1 - SG Bochum 2"]
[Site "Regionalliga 2018/2019"]
[Date "2019.06.02"]
[Round "11.6"]
[White "Doenges, Dirk"]
[Black "Biermann, Florian"]
[Result "0-1"]
[WhiteElo "1744"]
[BlackElo "2045"]
[PlyCount "68"]
[EventDate "2019.??.??"]

1. e4 c5 2. Nf3 d6 3. d4 cxd4 4. Nxd4 Nf6 5. Nc3 a6 6. Be2 e5 7. Nb3 Be7 8. O-O
Be6 9. f4 exf4 10. Bxf4 Nc6 11. Bf3 Ne5 12. Nd5 Bxd5 13. exd5 Rc8 14. c3 O-O
15. Nd4 g6 16. Qe2 Nfd7 17. Rae1 Bg5 18. Bg3 Bh4 19. Bf2 Bxf2+ 20. Rxf2 Re8 21.
Qd1 Qg5 22. Be4 h5 23. h3 Nc5 24. Bb1 Re7 25. Kh1 Ned3 26. Ref1 Nxf2+ 27. Rxf2
Rce8 28. Qf3 Re1+ 29. Kh2 Qe5+ 30. g3 Re7 31. Bxg6 fxg6 32. Qf8+ Kh7 33. Nf3
Nd7 34. Qd8 Qe3 0-1